Phát hiện mới về Hồ Xuân Hương /
Sách tập hợp giới thiệu một số dị bản thơ Nôm Hồ Xuân Hương mới tìm thấy.
Đã lưu trong:
| Príomhúdar: | |
|---|---|
| Formáid: | Leabhar |
| Teanga: | Vietnamese |
| Foilsithe: |
Hà Nội :
Khoa học xã hội,
2000.
|
| Ábhair: | |
| Clibeanna: |
Cuir Clib Leis
Gan Chlibeanna, Bí ar an gcéad duine leis an taifead seo a chlibeáil!
|
| Thư viện lưu trữ: | Mạng thư viện Đại học Đà Nẵng |
|---|
| LEADER | 01096cam a2200373 i 4500 | ||
|---|---|---|---|
| 001 | 000046575 | ||
| 003 | 6073 | ||
| 005 | 20040521142250.0 | ||
| 008 | 010307b2000 vm 000 vie | ||
| 020 | |c 30000 | ||
| 040 | |a IRC |c IRC |d IRC | ||
| 041 | 0 | |a vie | |
| 082 | 1 | 4 | |a 895.9212 |b NH-B |
| 100 | 1 | |a Nhan Bảo, |c GS. | |
| 245 | 0 | 0 | |a Phát hiện mới về Hồ Xuân Hương / |c Nhan Bảo. |
| 260 | |a Hà Nội : |b Khoa học xã hội, |c 2000. | ||
| 300 | |a 187tr. ; |c 20cm. | ||
| 520 | 3 | |a Sách tập hợp giới thiệu một số dị bản thơ Nôm Hồ Xuân Hương mới tìm thấy. | |
| 600 | 1 | 5 | |a Hồ Xuân Hương, |y Thế kỷ 19. |
| 630 | 0 | 4 | |a Thơ. |
| 630 | 0 | 4 | |a Văn học Việt. |
| 630 | 0 | 4 | |a Hồ Xuân Hương. |
| 650 | 0 | 4 | |a Hồ Xuân Hương, |y Thế kỷ 19. |
| 650 | 0 | 4 | |a Thi ca Việt |x Hồ Xuân Hương |y Thế kỷ 19. |
| OWN | |a DUT | ||
| 999 | |a From the UDN01 | ||
| TYP | |a Monograph | ||
| TYP | |a Printed language | ||
| 980 | |a Mạng thư viện Đại học Đà Nẵng | ||